Prusy Królewskie a Norymberga
| Titel: | Prusy Królewskie a Norymberga : Garść uwag o powiązaniach w dziedzinie złotnictwa i o transferze rozwiązań w zakresie typu i formy luksusowych srebrnych przedmiotów |
|---|---|
| Verfasser: | |
| In: |
Album amicorum, (2008), Seite 375-394 alle Artikel anzeigen |
| Veröffentlicht: | 2008 |
| Format: | Aufsatz |
| Sprache: | Polnisch |
X
alg: 39442330 001A $01999:12-11-16 001B $01999:01-06-17 $t17:46:03.000 001D $01999:12-11-16 001U $0utf8 001X $00 002@ $0Aox 003@ $0394423305 007A $0394423305 $aHEB 007T $0Herdkk00042384 010@ $apol 011@ $a2008 021A $aPrusy Królewskie a Norymberga $dGarść uwag o powiązaniach w dziedzinie złotnictwa i o transferze rozwiązań w zakresie typu i formy luksusowych srebrnych przedmiotów 028A $#Woźniak, Michał F. $#Woźniak, Michał Franciszek $7103388295X $8Woźniak, Michał$Z1952- [Tp1] $932079430X 031A $h375-394 $j2008 039B $aIn $8--Aau--. Album amicorum. - Toruń : Wydawnictwo Naukowe Uniwersytetu Mikołaja Kopernika, 2008. - 407 S.. - Ill.. - ISBN 83-231-2205-9 $x200800000000000625 $9366207512 lok: 39442330 78 exp: 39442330 78 1 #EPN 201B/01 $021-03-18 $t23:19:15.000 201U/01 $0utf8 203@/01 $0790533715 208@/01 $a12-11-16 $be 209A/01 $a/ $f000 $x00 220C/01 $aHerkunft: PBB/IH PAN 244Z/01 $2Trx $#Poola $#Lenkija $#Polija $#Polen Land $#Poland $#Lengyelország $#Poľsko $#Polsko $8--Trx--Polska$gkraj $x01 $9391345966 244Z/01 $2Trx $#Prusy Wschodnie i Zachodnie $8--Trx--Ost- und Westpreußen $x02 $939113373X 244Z/01 $2Trx $#Prūsijos Karalystė $#Royal Prussia $#Prusy Królewskie $#Prusko královské $#Prusko král'ovské $#Polnisch-Preußen $8--Trx--Preußen$gKönigliches $x03 $9391296930 244Z/01 $#Nürnberg $#Nürenberg $#Njurnberg $#Stadt der Reichsparteitage $#Stadt der Reichsparteitage Nürnberg $#Stadtgemeinde Nürnberg $#Norymberga $#Nbg. $#Freie Reichsstadt Nürnberg $#Nuremberg $#Nurmberg $#Norimberga $#Noriberga $#Stadt Nürnberg $#Norimberk $#Norinberga $#Norimbergae $#Noremberga $#Noribergae $#Nürmberg $74042742-0 $8--Tg1--Nürnberg $x04 $9085118605 244Z/01 $2Trx $8--Trx--Einzelbeiträge $x05 $9391384570 247C/01 $82080>Marburg/Lahn, Herder-Institut, Forschungsbibliothek, Bibliographieportal $9336309341
| LEADER | 00000caa a22000002c 4500 | ||
|---|---|---|---|
| 001 | 394423305 | ||
| 003 | DE-603 | ||
| 005 | 20170601174603.0 | ||
| 007 | tu | ||
| 008 | 161112s2008 xx |||| | u00||u|pol c | ||
| 035 | |a (DE-599)HEB394423305 | ||
| 040 | |a DE-603 |b ger |c DE-603 |d DE-603 | ||
| 041 | |a pol | ||
| 100 | 1 | |a Woźniak, Michał |d 1952- |0 (DE-603)32079430X |0 (DE-588)103388295X |2 gnd | |
| 245 | 0 | 0 | |a Prusy Królewskie a Norymberga |b Garść uwag o powiązaniach w dziedzinie złotnictwa i o transferze rozwiązań w zakresie typu i formy luksusowych srebrnych przedmiotów |
| 264 | 0 | |c 2008 | |
| 773 | 0 | 8 | |i In |t Album amicorum |d Toruń : Wydawnictwo Naukowe Uniwersytetu Mikołaja Kopernika, 2008 |h 407 S., Ill. |z 8323122059 |z 9788323122050 |g (2008), Seite 375-394 |w (DE-603)366207512 |
| 924 | 0 | |9 2080 |a (DE-603)790533715 |b DE-2080 |c HES |d d |g / | |


